| 000 | 00972nam a22002777a 4500 | ||
|---|---|---|---|
| 999 |
_c6825 _d6825 |
||
| 003 | AR-CdUCM | ||
| 008 | 190319b ||||| |||| 00| 0 spa d | ||
| 020 | _a84-205-0349-5 | ||
| 020 | _a0-13-647578-7 | ||
| 040 |
_aMUNICIPALIDAD PROVINCIAL DEL CUSCO _cBIBLIOTECA MUNICIPAL DEL CUSCO |
||
| 082 |
_a541 / _bR62 |
||
| 100 |
_aRinehart, K. L. _919231 |
||
| 245 | _aOxidación y Reducción de compuestos Orgánicas / | ||
| 260 |
_aMadrid : _bAlhambra, _c1977. |
||
| 300 |
_a168 paginas ; _bGraficos, tablas, ilustraciones, _c20cm. |
||
| 440 |
_aExedra - ciencia tecnica ingenieria _n117 _919232 |
||
| 505 | _aContenido: Hidrogenacion -- oxigenacion -- alcoholes y fenoles -- carbonilicos -- aldehidos... | ||
| 650 |
_aQuimica _94512 |
||
| 650 |
_aCarbonilicos _919233 |
||
| 650 |
_aOxigenación _919234 |
||
| 650 |
_aHidrogenación _919235 |
||
| 700 |
_aGomez de las Heras, F. _919146 |
||
| 700 |
_aMarinas Rubios, J. M. _919236 |
||
| 942 |
_2ddc _cLIBROS |
||
| 945 | _apjha | ||